<?xml version="1.0" encoding="UTF-8"?>
<collection xmlns="http://www.loc.gov/MARC21/slim">
 <record>
  <leader>02713cam a2200505   4500</leader>
  <controlfield tag="001">1070835846</controlfield>
  <controlfield tag="003">DE-627</controlfield>
  <controlfield tag="005">20240331183821.0</controlfield>
  <controlfield tag="007">tu</controlfield>
  <controlfield tag="008">850101s1963    xx |||||      00| ||ger c</controlfield>
  <datafield tag="035" ind1=" " ind2=" ">
   <subfield code="a">(DE-627)1070835846</subfield>
  </datafield>
  <datafield tag="035" ind1=" " ind2=" ">
   <subfield code="a">(DE-576)000835846</subfield>
  </datafield>
  <datafield tag="035" ind1=" " ind2=" ">
   <subfield code="a">(DE-599)BSZ000835846</subfield>
  </datafield>
  <datafield tag="035" ind1=" " ind2=" ">
   <subfield code="a">(OCoLC)310086358</subfield>
  </datafield>
  <datafield tag="035" ind1=" " ind2=" ">
   <subfield code="a">(OCoLC)1047769265</subfield>
  </datafield>
  <datafield tag="040" ind1=" " ind2=" ">
   <subfield code="a">DE-627</subfield>
   <subfield code="b">ger</subfield>
   <subfield code="c">DE-627</subfield>
   <subfield code="e">rakwb</subfield>
  </datafield>
  <datafield tag="041" ind1=" " ind2=" ">
   <subfield code="a">ger</subfield>
  </datafield>
  <datafield tag="084" ind1=" " ind2=" ">
   <subfield code="a">9,10</subfield>
   <subfield code="2">ssgn</subfield>
  </datafield>
  <datafield tag="100" ind1="1" ind2=" ">
   <subfield code="a">Fischer, Friedhelm Wilhelm</subfield>
   <subfield code="d">1931-1981</subfield>
   <subfield code="0">(DE-588)129279455</subfield>
   <subfield code="0">(DE-627)392386372</subfield>
   <subfield code="0">(DE-576)216416078</subfield>
   <subfield code="4">aut</subfield>
  </datafield>
  <datafield tag="245" ind1="1" ind2="0">
   <subfield code="a">Marie Ellenrieder</subfield>
   <subfield code="b">Leben und Werk der Konstanzer Malerin; ein Beitrag zur Künstlergeschichte des neunzehnten Jahrhunderts</subfield>
   <subfield code="c">Friedhelm Wilhelm Fischer</subfield>
  </datafield>
  <datafield tag="249" ind1=" " ind2=" ">
   <subfield code="a">Mit einem Werkverzeichnis</subfield>
   <subfield code="v">von Sigrid von Blanckenhagen</subfield>
  </datafield>
  <datafield tag="264" ind1=" " ind2="1">
   <subfield code="a">Konstanz</subfield>
   <subfield code="a">Stuttgart</subfield>
   <subfield code="b">Thorbecke</subfield>
   <subfield code="c">1963</subfield>
  </datafield>
  <datafield tag="300" ind1=" " ind2=" ">
   <subfield code="a">161 S.</subfield>
   <subfield code="b">zahlr. Ill.</subfield>
  </datafield>
  <datafield tag="336" ind1=" " ind2=" ">
   <subfield code="a">Text</subfield>
   <subfield code="b">txt</subfield>
   <subfield code="2">rdacontent</subfield>
  </datafield>
  <datafield tag="336" ind1=" " ind2=" ">
   <subfield code="a">unbewegtes Bild</subfield>
   <subfield code="b">sti</subfield>
   <subfield code="2">rdacontent</subfield>
  </datafield>
  <datafield tag="337" ind1=" " ind2=" ">
   <subfield code="a">ohne Hilfsmittel zu benutzen</subfield>
   <subfield code="b">n</subfield>
   <subfield code="2">rdamedia</subfield>
  </datafield>
  <datafield tag="338" ind1=" " ind2=" ">
   <subfield code="a">Band</subfield>
   <subfield code="b">nc</subfield>
   <subfield code="2">rdacarrier</subfield>
  </datafield>
  <datafield tag="361" ind1="1" ind2=" ">
   <subfield code="a">Bibliothek für Technik, Kunst und Wirtschaft (Stuttgart)</subfield>
   <subfield code="5">DE-24</subfield>
   <subfield code="y">2714377548</subfield>
   <subfield code="s">A22a/704</subfield>
   <subfield code="o">Vorbesitz</subfield>
   <subfield code="0">(DE-588)36637-7</subfield>
   <subfield code="0">(DE-627)100841066</subfield>
   <subfield code="0">(DE-576)190347600</subfield>
   <subfield code="k">1971-08-XX</subfield>
  </datafield>
  <datafield tag="561" ind1=" " ind2=" ">
   <subfield code="5">DE-24</subfield>
   <subfield code="3">Exemplarsatz-ID: 2714377548, Signatur: A22a/704</subfield>
   <subfield code="a">Vorbesitz: Bibliothek für Technik, Kunst und Wirtschaft (Stuttgart) ; http://d-nb.info/gnd/36637-7 / Datierung: 1971-08-XX</subfield>
  </datafield>
  <datafield tag="583" ind1="1" ind2=" ">
   <subfield code="3">Signatur: O 65B176</subfield>
   <subfield code="a">Massenentsäuert</subfield>
   <subfield code="c">20190910</subfield>
   <subfield code="i">METE</subfield>
   <subfield code="2">pdager</subfield>
   <subfield code="5">DE-31</subfield>
  </datafield>
  <datafield tag="583" ind1="1" ind2=" ">
   <subfield code="a">Archivierung/Langzeitarchivierung gewährleistet</subfield>
   <subfield code="f">SLG</subfield>
   <subfield code="z">Schlossbibliothek Baden-Baden</subfield>
   <subfield code="2">pdager</subfield>
   <subfield code="5">DE-31</subfield>
  </datafield>
  <datafield tag="583" ind1="1" ind2=" ">
   <subfield code="a">Archivierung/Langzeitarchivierung gewährleistet</subfield>
   <subfield code="f">SLG</subfield>
   <subfield code="z">Oberrhein</subfield>
   <subfield code="2">pdager</subfield>
   <subfield code="5">DE-31</subfield>
  </datafield>
  <datafield tag="583" ind1="1" ind2=" ">
   <subfield code="a">Archivierung/Langzeitarchivierung gewährleistet</subfield>
   <subfield code="f">PEBW</subfield>
   <subfield code="2">pdager</subfield>
   <subfield code="5">DE-31</subfield>
  </datafield>
  <datafield tag="583" ind1="1" ind2=" ">
   <subfield code="a">Archivierung/Langzeitarchivierung gewährleistet</subfield>
   <subfield code="f">SSG</subfield>
   <subfield code="x">XA-DE-BW</subfield>
   <subfield code="2">pdager</subfield>
   <subfield code="5">DE-16</subfield>
  </datafield>
  <datafield tag="655" ind1=" " ind2="7">
   <subfield code="a">Bildband</subfield>
   <subfield code="0">(DE-588)4145395-5</subfield>
   <subfield code="0">(DE-627)104450835</subfield>
   <subfield code="0">(DE-576)209741139</subfield>
   <subfield code="2">gnd-content</subfield>
  </datafield>
  <datafield tag="689" ind1="0" ind2="0">
   <subfield code="d">p</subfield>
   <subfield code="0">(DE-588)118688731</subfield>
   <subfield code="0">(DE-627)079471153</subfield>
   <subfield code="0">(DE-576)209290706</subfield>
   <subfield code="a">Ellenrieder, Maria</subfield>
   <subfield code="d">1791-1863</subfield>
   <subfield code="2">gnd</subfield>
  </datafield>
  <datafield tag="689" ind1="0" ind2=" ">
   <subfield code="5">(DE-627)</subfield>
  </datafield>
  <datafield tag="700" ind1="1" ind2=" ">
   <subfield code="a">Ellenrieder, Maria</subfield>
   <subfield code="d">1791-1863</subfield>
   <subfield code="e">Ill.</subfield>
   <subfield code="0">(DE-588)118688731</subfield>
   <subfield code="0">(DE-627)079471153</subfield>
   <subfield code="0">(DE-576)209290706</subfield>
   <subfield code="4">ill</subfield>
  </datafield>
  <datafield tag="700" ind1="1" ind2=" ">
   <subfield code="a">Blanckenhagen, Sigrid von</subfield>
   <subfield code="d">1918-2005</subfield>
   <subfield code="e">Bearb.</subfield>
   <subfield code="0">(DE-588)116199520</subfield>
   <subfield code="0">(DE-627)07771489X</subfield>
   <subfield code="0">(DE-576)160316316</subfield>
   <subfield code="4">adp</subfield>
  </datafield>
  <datafield tag="787" ind1="0" ind2="8">
   <subfield code="i">Rezensiert in</subfield>
   <subfield code="a">Jensen, Jens Christian, 1928 - 2013</subfield>
   <subfield code="t">[Rezension von: Friedrich Wilhelm Fischer, Marie Ellenrieder]</subfield>
   <subfield code="d">Nürnberg : Carl, 1965</subfield>
   <subfield code="w">(DE-627)1823742653</subfield>
  </datafield>
  <datafield tag="935" ind1=" " ind2=" ">
   <subfield code="i">SLoT</subfield>
  </datafield>
  <datafield tag="951" ind1=" " ind2=" ">
   <subfield code="a">BO</subfield>
  </datafield>
  <datafield tag="990" ind1=" " ind2=" ">
   <subfield code="a">Ellenrieder, Maria</subfield>
  </datafield>
  <datafield tag="991" ind1=" " ind2=" ">
   <subfield code="a">Rezensiertes Werk</subfield>
  </datafield>
  <datafield tag="999" ind1=" " ind2=" ">
   <subfield code="a">KXP-PPN1070835846</subfield>
   <subfield code="e">4315638366</subfield>
  </datafield>
 </record>
</collection>
